LEADER 00975nam a2200241 i 4500 001 991001436729707536 008 111017s2009 us b 001 0 eng 020 $a9780230620216 035 $ab14014257-39ule_inst 040 $aDip.to Filologia Class. e Scienze Filosofiche$bita 082 00$a327.73009 100 1 $aHenriksen, Thomas H.$0243629 245 10$aAmerican power after the Berlin Wall /$cThomas H. Henriksen 260 $aNew York, NY :$bPalgrave Macmillan,$cc2009 300 $aVII, 250 p. ;$c24 cm 504 $aBibliografia: p. 233-236. Indice 651 4$aStati Uniti d'America$xRelazioni internazionali 907 $a.b14014257$b18-10-11$c18-10-11 912 $a991001436729707536 945 $aLE007 Sc. Pol. 327 HEN 01.01$g1$i2007000217788$lle007$nLE007 S. Polit.$op$pE23.92$q-$rl$s- $t0$u1$v0$w1$x0$y.i15334284$z18-10-11 996 $aAmerican power after the Berlin Wall$9242539 997 $aUNISALENTO 998 $ale007$b18-10-11$cm$da $e-$feng$gus $h0$i0 LEADER 03475nam 2200565 450 001 9910734101303321 005 20220523071055.0 010 $a3-96456-824-4 024 7 $a10.31819/9783964568243 035 $a(CKB)4100000008949720 035 $a(OCoLC)1111562609 035 $a(NyNyDIG)DIGIBE0659 035 $a(DE-B1597)523011 035 $a(DE-B1597)9783964568243 035 $a(MiAaPQ)EBC6270631 035 $a(Au-PeEL)EBL6270631 035 $a(MiAaPQ)EBC6733646 035 $a(Au-PeEL)EBL6733646 035 $a(OCoLC)1276860592 035 $a(OCoLC)1149125711 035 $a(FINmELB)ELB118523 035 $a(EXLCZ)994100000008949720 100 $a20220523d2019 uy 0 101 0 $aspa 135 $aur||||||||||| 181 $ctxt$2rdacontent 182 $cc$2rdamedia 183 $acr$2rdacarrier 200 10$aHistoria del le?xico espan?ol en obras normativas y de correccio?n lingu?i?stica /$fEnrique Jime?nez Ri?os 210 1$aMadrid ;$aFrankfurt am Main :$cIberoamericana :$cVervuert,$d[2019] 210 4$d©2019 215 $a1 online resource 225 1 $aLingu?i?stica iberoamericana ;$vVolume 75 300 $aIncludes index. 311 0 $a84-9192-054-4 320 $aIncludes bibliographical references. 327 $tFront matter --$tÍNDICE --$tINTRODUCCIÓN --$tI. DIFUSIÓN Y EXPLICACIÓN DE LAS NOVEDADES EN EL LÉXICO --$tII. DE LA EXPOSICIÓN A LA EXPLICACIÓN DE LAS NOVEDADES LÉXICAS --$tIII. EXPLICAR Y DIFUNDIR EL LÉXICO NUEVO: LA LABOR DE JULIO CASARES --$tIV. DE LA EXPLICACIÓN Y DIFUSIÓN A LA DIVULGACIÓN DEL LÉXICO: LA ACCIÓN DE FERNANDO LÁZARO CARRETER --$tV. ANTECEDENTES DE ESTE INTERÉS POR LAS NOVEDADES LÉXICAS --$tVI. LA SITUACIÓN HOY --$tFINAL --$tBIBLIOGRAFÍA 330 $aLas novedades en el léxico español han despertado siempre el interés de los hablantes, y las obras y los autores que las han dado a conocer se han servido de su enumeración y explicación como mecanismos para su difusión o divulgación. Este libro ofrece testimonios de ese modo de proceder, y lo hace a partir de la presencia de esas novedades léxicas en obras normativas y de corrección lingüística principalmente. En ellas hay una información que contribuye a trazar la historia de las palabras, no porque recojan una determinada documentación, sino porque ofrecen la explicación que lleva a su inserción o rechazo en la lengua. Destacan dos autores, Julio Casares y Fernando Lázaro Carreter, con testimonios de esa explicación léxica, el primero, con el deseo de difundirla, y el segundo, de divulgarla. Pero no son estos dos filólogos los primeros en hacerlo; hay antecedentes cuyo esplendor se sitúa en la segunda mitad del siglo XIX. Claro que su relevancia y labor para el conocimiento del léxico, especialmente la de Lázaro Carreter, es tal que puede hablarse también de consecuentes a partir de su tarea divulgativa, como refleja su proyección en obras posteriores que llegan hasta hoy. 410 0$aLingu?i?stica iberoamericana ;$vVolume 75. 606 $aSpanish language$xLexicography 615 0$aSpanish language$xLexicography. 676 $a463.028 700 $aJime?nez Ri?os$b Enrique$0474250 801 0$bMiAaPQ 801 1$bMiAaPQ 801 2$bMiAaPQ 906 $aBOOK 912 $a9910734101303321 996 $aHistoria del le?xico espan?ol en obras normativas y de correccio?n lingu?i?stica$93398779 997 $aUNINA